El recurso de protección ante el derecho comparado
Sparad:
| Huvudupphovsman: | |
|---|---|
| Materialtyp: | Bok |
| Språk: | spanska |
| Publicerad: |
Santiago
Jurídica de Chile
2002
|
| Upplaga: | 3a. ed |
| Ämnen: | |
| Taggar: |
Lägg till en tagg
Inga taggar, Lägg till första taggen!
|
MARC
| LEADER | 00000nam a2200000 a 4500 | ||
|---|---|---|---|
| 001 | UCM8974 | ||
| 003 | CL-VaPUC | ||
| 008 | 030404e20021200CL |||||||||||||||||spa|d | ||
| 082 | 0 | 4 | |a 342.08 |b PAI |2 21 |
| 100 | |a Paillas Peña, Enrique |e autor |9 768803 | ||
| 245 | 1 | 3 | |a El recurso de protección ante el derecho comparado |
| 250 | |a 3a. ed | ||
| 300 | |a 166 p | ||
| 942 | |c BK | ||
| 945 | |d 20030404 00:00:00 |a cmena | ||
| 260 | |a Santiago |b Jurídica de Chile |c 2002 | ||
| 650 | 0 | |a Recurso de protección |9 255487 | |
| 650 | 0 | |a Recurso de amparo |9 256122 | |
| 650 | 0 | |a Derecho comparado |9 255664 | |
| 583 | |a last modification |c 20030404 00:00:00 |k Rodrigo Vera | ||
| 999 | |c 303381 |d 303379 | ||
| 952 | |0 0 |1 0 |4 0 |6 342_080000000000000_PAI_2002 |7 0 |8 A |9 364651 |a BIBDER |b BIBDER |d 2019-11-21 |i 3891976 |l 1 |m 2 |o 342.08 PAI 2002 |p 3891976 |r 2024-06-28 |s 2024-06-21 |w 2019-11-21 |y BK |k DER | ||